000 00303nam a2200121Ia 4500
008 190216s9999||||xx |||||||||||||| ||und||
100 _aHooke A W
245 0 _aExchange Rate Regimes And Policy Interdependence
260 _bMoohim Publicaion
_c1983
300 _a222p
650 _aEconomics
942 _cBK
999 _c9611
_d9611